| 000 | 00704nam a2200217Ia 4500 | ||
|---|---|---|---|
| 001 | 16711 | ||
| 003 | GE_BSU | ||
| 008 | 181216s||||||||xx |||||||||||||| ||und|| | ||
| 040 | _cGE_BSU | ||
| 080 | _a087.5+581.132 | ||
| 100 | _aივინი, მ. | ||
| 245 | _aდიდი საიდუმლოს კარიბჭესთან | ||
| 245 | _cთარგმნა ჟუჟუნა ნიჟარაძემ | ||
| 260 | _aთბილისი | ||
| 260 | _bნაკადული | ||
| 260 | _c1987 | ||
| 300 | _a263გვ. ; 20სმ | ||
| 653 | _aდიდი საიდუმლოს კარიბჭესთან | ||
| 653 | _aპერიოდიკა | ||
| 942 | _cBK | ||
| 999 |
_c49776 _d49776 |
||